| 000 -ლიდერი |
| ფიქსირებული სიგრძის საკონტროლო ველი |
01809nam a22002057a 4500 |
| 003 - საკონტროლო ნომრის იდენტიფიკატორი |
| საკონტროლო ველი |
Ge_BSU |
| 005 - ბოლო ოპერაციის თარიღი და დრო |
| საკონტროლო ველი |
20190902102455.0 |
| 008 - ფიქსირებული სიგრძის მონაცემთა ელემენტები - ზოგადი ინფორმაცია |
| ფიქსირებული სიგრძის საკონტროლო ველი |
190902b xxu||||| |||| 00| 0 geo d |
| 041 ## - ენის კოდი |
| Language code of text/sound track or separate title |
geo |
| 080 ## - უნივერსალური ათობითი კლასიფიკაციის ინდექსი |
| Universal Decimal Classification number |
338.28 ქ-16 |
| 100 ## - მთავარი ჩანაწერი - პიროვნების სახელი |
| Personal name |
ქათამაძე, გიორგი |
| 9 (RLIN) |
3843 |
| 245 ## - ცნობა სათაურის შესახებ |
| Title |
ბიზნეს სუბიექტის ინსტუციონალურ-ფინანსური ანალიზი და პრევენციული-ანტიკრიზისული სტრატეგია / |
| Statement of responsibility, etc |
გიორგი ქათამაძე , სამეცნ. ხელმძღვ. გიორგი აბუსელიძე . |
| 264 ## - წარმოების, გამოცემის, დისტრიბუციის და სხვა ცნობები |
| გამოცემის, წარმოების, დისტრიბუციის... ადგილი |
ბათუმი : |
| გამოცემის, წარმოების, დისტრიბუციის... სახელწოდება |
ბათუმოს შოთა რუსთაველის სახელმწიფო უნივერსიტეტი, |
| გამოცემის, წარმოების, დისტრიბუციის... თარიღი |
2019. |
| 300 ## - ფიზიკური აღწერა |
| Extent |
160 გვ .: |
| Dimensions |
29 სმ. |
| 653 ## - INDEX TERM--UNCONTROLLED |
| Uncontrolled term |
ბიზნეს სუბიექტის ინსტუციონალურ-ფინანსური ანალიზი და პრევენციული-ანტიკრიზისული სტრატეგია |
| 653 ## - INDEX TERM--UNCONTROLLED |
| Uncontrolled term |
ეკონომიკა |
| -- |
დისერტაცია |
| 700 ## - ADDED ENTRY--PERSONAL NAME |
| Personal name |
აბუსელიძე, გიორგი |
| Relator term |
სამეცნიერო ხელმძღვანელი |
| 9 (RLIN) |
3844 |
| 710 ## - ADDED ENTRY--CORPORATE NAME |
| Relator term |
ბათუმის შოთა რუსთაველის სახელობის სახელმწიფო უნ-ტი ეკონომიკისა და ბიზნესის ფაკულტეტი |
| -- |
საფინანსო საბანკო და სადაზღვევო საქმის დეპარტამენტი |
| 9 (RLIN) |
3845 |
| 942 ## - ADDED ENTRY ELEMENTS (KOHA) |
| Source of classification or shelving scheme |
|
| Koha item type |
წიგნი |